Music Quiz

Random Music or Billboard Quiz

Billboard-Topping All February Long Quiz Stats

 Plays Quiz Updated Feb 27, 2018

Challenge
Share
Tweet
Embed
Score 0/12 Timer 05:00
3 Plays Today
Single Artist % Correct
Stayin' AliveBee Gees
92.3%
I Will Always Love YouWhitney Houston
90.9%
I Want to Hold Your HandThe Beatles
90.8%
Uptown FunkMark Ronson featuring Bruno Mars
84.4%
Tik TokKe$ha
74.1%
Thrift ShopMacklemore & Ryan Lewis featuring Wanz
62.7%
CenterfoldThe J. Geils Band
51.2%
LowFlo Rida featuring T-Pain
49.8%
One Sweet DayMariah Carey and Boyz II Men
43.6%
God's PlanDrake
35.2%
Check on ItBeyoncé featuring Slim Thug
26.1%
Let Me Love YouMario
20.2%

You're not logged in!

Compare scores with friends on all Sporcle quizzes.
OR
Log In

You Might Also Like...

Show Comments

Extras

Top Quizzes Today


Score Distribution

Your Account Isn't Verified!

In order to create a playlist on Sporcle, you need to verify the email address you used during registration. Go to your Sporcle Settings to finish the process.

Report this User

Report this user for behavior that violates our Community Guidelines.

Details: